000 00446nam a2200169Ia 4500
008 100122s9999 xx 000 0 und d
082 _b61815
_a821
100 _aकालिदास
245 _aमेघदूत
250 _a2
260 _bसतीश प्रकाशन
_c1990
300 _a28
630 _aमेघदूत
700 _aनरवणे महादेव
730 _aमेघदूत
942 _cBOOK
999 _c436445
_d436442